Recenzia obsahu príspevkov zborníka z medzinárodnej vedeckej konferencie "Regionálna a miestna verejná správa v znalostnej ekonomike"
Obsah konferencie a príspevkov jej účastníkov je zameraný na problematiku, ktorá je súčasťou projektov VEGA č. 1/4643/07 - Ľudské zdroje v regionálnom rozvoji a VEGA č. 1/4644/07 - Možnosti inštitútu PPP v regionálnej politike územnej samosprávy.
Saved in:
| Main Author: | |
|---|---|
| Other Authors: | |
| Format: | Book Chapter |
| Language: | Slovak |
| Subjects: | |
| Tags: |
No Tags, Be the first to tag this record!
|
MARC
| LEADER | 00000nla$a2200000$$$4500 | ||
|---|---|---|---|
| 001 | 0108117 | ||
| 005 | 20240502072207.4 | ||
| 041 | 0 | |a slo | |
| 044 | |a SK | ||
| 245 | 1 | 0 | |a Recenzia obsahu príspevkov zborníka z medzinárodnej vedeckej konferencie "Regionálna a miestna verejná správa v znalostnej ekonomike" |c Mária Blašková, Nataša Urbančíková |
| 520 | |a Obsah konferencie a príspevkov jej účastníkov je zameraný na problematiku, ktorá je súčasťou projektov VEGA č. 1/4643/07 - Ľudské zdroje v regionálnom rozvoji a VEGA č. 1/4644/07 - Možnosti inštitútu PPP v regionálnej politike územnej samosprávy. | ||
| 610 | 2 | 0 | |a recenzie |
| 610 | 2 | 0 | |a články |
| 610 | 2 | 0 | |a správa verejná |
| 100 | 1 | |a Blašková, Mária | |
| 700 | 1 | |a Urbančíková, Nataša | |